[Event "WCO2014"]
[Site "Tromso"]
[Date "2014.08.09"]
[Round "7.37"]
[WhiteID "7105029"]
[White "Priasmoro Novendra"]
[BlackID "1508083"]
[Black "Holm Kristian Stuvik"]
[Result "1-0"]
[LiveChessVersion "1.4.3"]
[BlackElo "2275"]
[WhiteElo "2250"]

1. e4 {[%clk 1:30:56]} c5 {[%clk 1:30:54]} 2. Nf3 {[%clk 1:31:15]} e6
{[%clk 1:31:05]} 3. d4 {[%clk 1:31:32]} cxd4 {[%clk 1:31:29]} 4. Nxd4
{[%clk 1:31:56]} Nc6 {[%clk 1:31:53]} 5. Nc3 {[%clk 1:32:02]} Qc7
{[%clk 1:32:10]} 6. Be3 {[%clk 1:31:00]} a6 {[%clk 1:32:33]} 7. Bd3
{[%clk 1:30:18]} Nf6 {[%clk 1:32:46]} 8. O-O {[%clk 1:28:53]} b5 {[%clk 1:29:15]}
9. Qe2 {[%clk 1:19:42]} Bd6 {[%clk 1:18:19]} 10. f4 {[%clk 1:16:31]} b4
{[%clk 0:59:06]} 11. Na4 {[%clk 1:12:22]} Nxd4 {[%clk 0:46:10]} 12. Bxd4
{[%clk 1:12:43]} e5 {[%clk 0:42:34]} 13. Nb6 {[%clk 1:03:01]} Bc5
{[%clk 0:41:02]} 14. Bxc5 {[%clk 1:01:44]} Qxc5+ {[%clk 0:41:27]} 15. Qf2
{[%clk 1:02:10]} Qxf2+ {[%clk 0:41:21]} 16. Rxf2 {[%clk 1:02:37]} Rb8
{[%clk 0:41:33]} 17. Nc4 {[%clk 0:58:52]} exf4 {[%clk 0:35:41]} 18. e5
{[%clk 0:57:27]} Nd5 {[%clk 0:28:58]} 19. Be4 {[%clk 0:57:49]} Nb6
{[%clk 0:22:08]} 20. Nd6+ {[%clk 0:57:56]} Ke7 {[%clk 0:22:31]} 21. Rxf4
{[%clk 0:57:24]} f6 {[%clk 0:22:07]} 22. Rd1 {[%clk 0:52:32]} Rf8
{[%clk 0:15:05]} 23. Bxh7 {[%clk 0:50:40]} fxe5 {[%clk 0:13:15]} 24. Rxb4
{[%clk 0:50:16]} Kd8 {[%clk 0:07:58]} 25. a4 {[%clk 0:38:27]} Rf4
{[%clk 0:05:44]} 26. Be4 {[%clk 0:38:24]} a5 {[%clk 0:04:22]} 27. Rb5
{[%clk 0:20:54]} Ba6 {[%clk 0:03:06]} 28. Rxa5 {[%clk 0:20:58]} Be2
{[%clk 0:03:27]} 29. Re1 {[%clk 0:21:25]} Kc7 {[%clk 0:02:40]} 30. Rxe2
{[%clk 0:20:02]} Kxd6 {[%clk 0:03:08]} 31. Rb5 {[%clk 0:19:57]} Ke7
{[%clk 0:02:25]} 32. g3 {[%clk 0:19:47]} Rff8 {[%clk 0:02:52]} 33. a5
{[%clk 0:18:20]} Nc4 {[%clk 0:03:06]} 34. Rxb8 {[%clk 0:18:05]} Rxb8
{[%clk 0:03:35]} 35. a6 {[%clk 0:17:24]} Nb6 {[%clk 0:03:58]} 36. a7
{[%clk 0:17:03]} Rc8 {[%clk 0:04:07]} 37. c4 {[%clk 0:17:03]} 1-0

[Event "WCO2014"]
[Site "Tromso"]
[Date "2014.08.09"]
[Round "7.36"]
[WhiteID "2400030"]
[White "McNab Colin A"]
[BlackID "2500914"]
[Black "Baburin Alexander"]
[Result "1/2-1/2"]
[LiveChessVersion "1.4.3"]
[BlackElo "2502"]
[WhiteElo "2441"]

1. c4 {[%clk 1:30:56]} Nf6 {[%clk 1:30:52]} 2. Nf3 {[%clk 1:30:55]} g6
{[%clk 1:31:16]} 3. g3 {[%clk 1:31:11]} c6 {[%clk 1:30:48]} 4. b3
{[%clk 1:30:32]} Bg7 {[%clk 1:30:46]} 5. Bb2 {[%clk 1:30:44]} d5 {[%clk 1:30:17]}
6. Bg2 {[%clk 1:30:54]} O-O {[%clk 1:29:29]} 7. O-O {[%clk 1:30:53]} Bg4
{[%clk 1:27:31]} 8. d3 {[%clk 1:24:47]} Bxf3 {[%clk 1:22:13]} 9. Bxf3
{[%clk 1:24:47]} Nbd7 {[%clk 1:19:03]} 10. Bg2 {[%clk 1:19:29]} a5
{[%clk 1:16:06]} 11. cxd5 {[%clk 1:16:21]} Nxd5 {[%clk 1:13:05]} 12. Bxg7
{[%clk 1:11:23]} Kxg7 {[%clk 1:13:27]} 13. e4 {[%clk 1:10:14]} Nb4
{[%clk 0:56:02]} 14. a3 {[%clk 1:01:52]} Na6 {[%clk 0:54:33]} 15. Qc2
{[%clk 0:58:58]} e5 {[%clk 0:52:27]} 16. Qc3 {[%clk 0:57:05]} f6 {[%clk 0:39:23]}
17. Rd1 {[%clk 0:52:08]} Ndc5 {[%clk 0:35:12]} 18. d4 {[%clk 0:43:38]} Ne6
{[%clk 0:33:49]} 19. d5 {[%clk 0:42:32]} Nd4 {[%clk 0:34:00]} 20. Rxd4
{[%clk 0:39:27]} exd4 {[%clk 0:33:13]} 21. Qxd4 {[%clk 0:39:50]} cxd5
{[%clk 0:21:32]} 22. exd5 {[%clk 0:39:30]} Rc8 {[%clk 0:21:45]} 23. Nd2
{[%clk 0:38:25]} Nc5 {[%clk 0:19:20]} 24. Bh3 {[%clk 0:29:43]} Rc7
{[%clk 0:18:41]} 25. b4 {[%clk 0:27:51]} axb4 {[%clk 0:15:52]} 26. axb4
{[%clk 0:28:10]} Nd7 {[%clk 0:14:16]} 27. d6 {[%clk 0:24:57]} Ne5
{[%clk 0:13:16]} 28. f4 {[%clk 0:14:07]} Nf7 {[%clk 0:13:13]} 29. Ne4
{[%clk 0:12:43]} Rc6 {[%clk 0:11:47]} 30. Rd1 {[%clk 0:05:36]} Qb6
{[%clk 0:09:55]} 31. Qxb6 {[%clk 0:03:53]} Rxb6 {[%clk 0:10:19]} 32. Nc5
{[%clk 0:04:01]} Rxd6 {[%clk 0:06:13]} 33. Rxd6 {[%clk 0:03:22]} Nxd6
{[%clk 0:06:36]} 34. Ne6+ {[%clk 0:03:48]} Kg8 {[%clk 0:06:55]} 35. Nxf8
{[%clk 0:04:11]} Kxf8 {[%clk 0:07:20]} 36. Kf2 {[%clk 0:04:01]} Nb5
{[%clk 0:06:32]} 37. Ke3 {[%clk 0:03:51]} Ke7 {[%clk 0:06:04]} 38. Bf1
{[%clk 0:03:20]} Nc7 {[%clk 0:06:13]} 39. Kd4 {[%clk 0:02:45]} Kd6
{[%clk 0:06:07]} 40. Bc4 {[%clk 0:02:27]} b6 {[%clk 0:04:04]} 41. g4
{[%clk 0:01:05]} h6 {[%clk 0:01:29]} 42. Ke4 {[%clk 0:29:45]} Ke7
{[%clk 0:23:24]} 43. h4 {[%clk 0:25:11]} b5 {[%clk 0:17:26]} 44. Bd3
{[%clk 0:24:50]} Na6 {[%clk 0:17:44]} 45. Bxb5 {[%clk 0:25:01]} Nxb4
{[%clk 0:18:09]} 46. Bc4 {[%clk 0:22:44]} Kf8 {[%clk 0:14:42]} 47. Bb3
{[%clk 0:19:33]} g5 {[%clk 0:13:25]} 48. hxg5 {[%clk 0:16:51]} 1/2-1/2

[Event "WCO2014"]
[Site "Tromso"]
[Date "2014.08.09"]
[Round "7.35"]
[WhiteID "2501198"]
[White "Collins Sam E."]
[BlackID "405817"]
[Black "Greet Andrew N"]
[Result "1-0"]
[LiveChessVersion "1.4.3"]
[BlackElo "2431"]
[WhiteElo "2495"]

1. Nf3 {[%clk 1:30:50]} d5 {[%clk 1:30:03]} 2. d4 {[%clk 1:31:04]} Nf6
{[%clk 1:30:06]} 3. c4 {[%clk 1:31:17]} c6 {[%clk 1:30:18]} 4. Nc3
{[%clk 1:31:22]} a6 {[%clk 1:30:35]} 5. e3 {[%clk 1:30:19]} Bf5 {[%clk 1:29:58]}
6. Be2 {[%clk 1:29:33]} h6 {[%clk 1:29:32]} 7. Bd3 {[%clk 1:29:34]} Bxd3
{[%clk 1:27:33]} 8. Qxd3 {[%clk 1:29:55]} e6 {[%clk 1:27:17]} 9. O-O
{[%clk 1:29:54]} Bb4 {[%clk 1:14:17]} 10. Bd2 {[%clk 1:29:44]} O-O
{[%clk 1:13:52]} 11. Rfd1 {[%clk 1:28:01]} Bxc3 {[%clk 1:02:30]} 12. Bxc3
{[%clk 1:28:05]} Ne4 {[%clk 0:57:46]} 13. Be1 {[%clk 1:24:58]} Nd7
{[%clk 0:56:47]} 14. Rac1 {[%clk 1:23:58]} Re8 {[%clk 0:51:55]} 15. a4
{[%clk 1:20:51]} Qf6 {[%clk 0:48:01]} 16. Qc2 {[%clk 1:15:05]} Nd6
{[%clk 0:41:26]} 17. b3 {[%clk 1:10:54]} Rac8 {[%clk 0:39:34]} 18. Bb4
{[%clk 1:02:38]} Ne4 {[%clk 0:32:42]} 19. Qe2 {[%clk 0:59:43]} Qf5
{[%clk 0:28:13]} 20. h3 {[%clk 0:56:35]} Qh5 {[%clk 0:25:53]} 21. Rc2
{[%clk 0:50:16]} e5 {[%clk 0:14:35]} 22. cxd5 {[%clk 0:36:26]} cxd5
{[%clk 0:14:57]} 23. Rdc1 {[%clk 0:36:14]} Rxc2 {[%clk 0:10:23]} 24. Rxc2
{[%clk 0:36:07]} Ng5 {[%clk 0:09:41]} 25. Nxe5 {[%clk 0:31:32]} Qxe2
{[%clk 0:10:00]} 26. Rxe2 {[%clk 0:31:50]} Nxe5 {[%clk 0:10:16]} 27. dxe5
{[%clk 0:31:51]} Rxe5 {[%clk 0:06:52]} 28. Rd2 {[%clk 0:28:31]} Ne6
{[%clk 0:06:36]} 29. Bd6 {[%clk 0:27:44]} Rg5 {[%clk 0:06:16]} 30. Bb4
{[%clk 0:14:30]} d4 {[%clk 0:04:04]} 31. exd4 {[%clk 0:12:02]} Rd5
{[%clk 0:03:17]} 32. Bc3 {[%clk 0:11:52]} f6 {[%clk 0:03:27]} 33. f3
{[%clk 0:11:20]} Kf7 {[%clk 0:02:37]} 34. Kf2 {[%clk 0:11:31]} Nc7
{[%clk 0:01:26]} 35. Rc2 {[%clk 0:09:07]} Rd7 {[%clk 0:01:41]} 36. Ke2
{[%clk 0:08:29]} Nd5 {[%clk 0:01:21]} 37. Bd2 {[%clk 0:07:37]} Ne7
{[%clk 0:00:50]} 38. Kd3 {[%clk 0:07:03]} Ke6 {[%clk 0:00:47]} 39. g4
{[%clk 0:05:01]} Nd5 {[%clk 0:00:54]} 40. Rc5 {[%clk 0:04:45]} Rd8
{[%clk 0:00:37]} 41. Rc1 {[%clk 0:03:16]} Kd6 {[%clk 0:29:09]} 42. Re1
{[%clk 0:32:49]} Rc8 {[%clk 0:20:21]} 43. Re2 {[%clk 0:30:48]} g5
{[%clk 0:14:00]} 44. h4 {[%clk 0:25:37]} Rc6 {[%clk 0:12:17]} 45. h5
{[%clk 0:24:16]} Rc8 {[%clk 0:11:56]} 46. Re1 {[%clk 0:23:51]} Rf8
{[%clk 0:11:41]} 47. Ke4 {[%clk 0:21:06]} Ke6 {[%clk 0:09:10]} 48. Kd3+
{[%clk 0:21:10]} Kd6 {[%clk 0:09:27]} 49. Ke4 {[%clk 0:18:51]} Ke6
{[%clk 0:09:52]} 50. f4 {[%clk 0:18:45]} Rc8 {[%clk 0:05:06]} 51. Kd3+
{[%clk 0:17:01]} Kd7 {[%clk 0:04:31]} 52. Ke4 {[%clk 0:12:52]} Ke6
{[%clk 0:03:29]} 53. a5 {[%clk 0:12:07]} gxf4 {[%clk 0:02:38]} 54. Bxf4
{[%clk 0:10:51]} Rg8 {[%clk 0:02:56]} 55. Kf3+ {[%clk 0:10:36]} Kf7
{[%clk 0:02:45]} 56. Bxh6 {[%clk 0:10:07]} Rc8 {[%clk 0:03:02]} 57. Rc1
{[%clk 0:09:55]} Rh8 {[%clk 0:02:51]} 58. Rc5 {[%clk 0:08:57]} Ke6
{[%clk 0:02:54]} 59. Bg7 {[%clk 0:08:27]} Rd8 {[%clk 0:03:12]} 60. h6
{[%clk 0:07:21]} Kf7 {[%clk 0:03:06]} 61. Ke4 {[%clk 0:07:07]} Ne7
{[%clk 0:01:45]} 62. Rc7 {[%clk 0:06:34]} Re8 {[%clk 0:01:53]} 63. d5
{[%clk 0:06:01]} Kg6 {[%clk 0:02:12]} 64. Kd4 {[%clk 0:05:58]} Nc8
{[%clk 0:00:37]} 65. Rd7 {[%clk 0:05:02]} Re1 {[%clk 0:00:49]} 66. Bf8
{[%clk 0:04:13]} Rd1+ {[%clk 0:00:46]} 67. Ke3 {[%clk 0:03:48]} Re1+
{[%clk 0:00:44]} 68. Kd3 {[%clk 0:04:08]} Re8 {[%clk 0:00:50]} 69. Bg7
{[%clk 0:04:25]} Re5 {[%clk 0:00:34]} 70. h7 {[%clk 0:03:51]} 1-0

[Event "WCO2014"]
[Site "Tromso"]
[Date "2014.08.09"]
[Round "7.34"]
[WhiteID "2400553"]
[White "Shaw John"]
[BlackID "2501430"]
[Black "Astaneh Lopez Alex"]
[Result "1-0"]
[LiveChessVersion "1.4.3"]
[BlackElo "2419"]
[WhiteElo "2419"]

1. e4 {[%clk 1:30:56]} c5 {[%clk 1:30:53]} 2. Nc3 {[%clk 1:28:52]} Nc6
{[%clk 1:30:57]} 3. Bb5 {[%clk 1:29:15]} e6 {[%clk 1:29:56]} 4. Bxc6
{[%clk 1:29:28]} bxc6 {[%clk 1:30:12]} 5. d3 {[%clk 1:29:07]} d6 {[%clk 1:24:59]}
6. f4 {[%clk 1:27:56]} f6 {[%clk 1:19:50]} 7. Nf3 {[%clk 1:25:07]} e5
{[%clk 1:19:05]} 8. O-O {[%clk 1:23:48]} Be7 {[%clk 1:18:24]} 9. Qe1
{[%clk 1:12:05]} Qd7 {[%clk 1:00:17]} 10. h3 {[%clk 1:07:53]} exf4
{[%clk 0:46:08]} 11. Bxf4 {[%clk 1:07:12]} h5 {[%clk 0:42:44]} 12. Nh4
{[%clk 0:55:41]} g5 {[%clk 0:42:34]} 13. Ng6 {[%clk 0:52:26]} Rh6
{[%clk 0:41:07]} 14. Nxe7 {[%clk 0:51:59]} Qxe7 {[%clk 0:38:26]} 15. Be3
{[%clk 0:46:29]} Rg6 {[%clk 0:32:44]} 16. a3 {[%clk 0:41:03]} h4 {[%clk 0:30:37]}
17. b4 {[%clk 0:37:57]} Qg7 {[%clk 0:22:50]} 18. Ne2 {[%clk 0:29:49]} g4
{[%clk 0:21:14]} 19. Nf4 {[%clk 0:27:47]} Rg5 {[%clk 0:21:13]} 20. Qxh4
{[%clk 0:23:27]} gxh3 {[%clk 0:20:49]} 21. Rf2 {[%clk 0:23:20]} Ne7
{[%clk 0:14:34]} 22. Kh2 {[%clk 0:09:51]} Bg4 {[%clk 0:10:55]} 23. Nxh3
{[%clk 0:06:33]} Rg6 {[%clk 0:10:43]} 24. Raf1 {[%clk 0:06:10]} cxb4
{[%clk 0:08:02]} 25. axb4 {[%clk 0:06:30]} Kd7 {[%clk 0:04:49]} 26. Rxf6
{[%clk 0:05:38]} Be6 {[%clk 0:05:05]} 27. Rxg6 {[%clk 0:05:24]} Nxg6
{[%clk 0:05:28]} 28. Qg5 {[%clk 0:04:15]} Rg8 {[%clk 0:04:28]} 29. Rf6
{[%clk 0:04:12]} Qh7 {[%clk 0:01:55]} 30. Rxe6 {[%clk 0:03:17]} 1-0

[Event "WCO2014"]
[Site "Tromso"]
[Date "2014.08.09"]
[Round "7.33"]
[WhiteID "2500990"]
[White "Heidenfeld Mark"]
[BlackID "2400049"]
[Black "McKay Roderick M"]
[Result "0-1"]
[LiveChessVersion "1.4.3"]
[BlackElo "2349"]
[WhiteElo "2382"]

1. e4 {[%clk 1:30:51]} d6 {[%clk 1:30:46]} 2. d4 {[%clk 1:30:55]} Nf6
{[%clk 1:30:41]} 3. f3 {[%clk 1:27:44]} c5 {[%clk 1:30:40]} 4. dxc5
{[%clk 1:27:20]} Qa5+ {[%clk 1:29:51]} 5. Nc3 {[%clk 1:27:23]} Qxc5
{[%clk 1:29:39]} 6. Bb5+ {[%clk 1:26:47]} Bd7 {[%clk 1:29:04]} 7. Qe2
{[%clk 1:26:45]} a6 {[%clk 1:26:00]} 8. Bxd7+ {[%clk 1:21:33]} Nbxd7
{[%clk 1:26:19]} 9. Be3 {[%clk 1:21:42]} Qa5 {[%clk 1:25:22]} 10. Qd2
{[%clk 1:20:55]} g6 {[%clk 1:20:17]} 11. Nge2 {[%clk 1:18:32]} Bg7
{[%clk 1:17:18]} 12. Rd1 {[%clk 0:59:23]} Rc8 {[%clk 0:59:19]} 13. O-O
{[%clk 0:57:39]} Qc7 {[%clk 0:54:09]} 14. Rf2 {[%clk 0:48:00]} Ne5
{[%clk 0:50:31]} 15. b3 {[%clk 0:46:50]} O-O {[%clk 0:49:08]} 16. Bd4
{[%clk 0:40:46]} b5 {[%clk 0:45:44]} 17. Nf4 {[%clk 0:32:44]} e6 {[%clk 0:44:32]}
18. a4 {[%clk 0:29:33]} b4 {[%clk 0:38:10]} 19. Nb1 {[%clk 0:29:43]} Nc6
{[%clk 0:33:28]} 20. Be3 {[%clk 0:29:50]} Rfd8 {[%clk 0:30:27]} 21. Qe2
{[%clk 0:23:53]} Qb7 {[%clk 0:29:48]} 22. Qf1 {[%clk 0:23:11]} d5
{[%clk 0:21:12]} 23. exd5 {[%clk 0:23:16]} exd5 {[%clk 0:21:06]} 24. Nd3
{[%clk 0:21:14]} Re8 {[%clk 0:18:59]} 25. Re2 {[%clk 0:20:39]} d4
{[%clk 0:15:01]} 26. Bf2 {[%clk 0:20:22]} Nd5 {[%clk 0:14:39]} 27. Nc5
{[%clk 0:17:17]} Qa7 {[%clk 0:13:42]} 28. Ne4 {[%clk 0:12:03]} Ne3
{[%clk 0:12:45]} 29. Bxe3 {[%clk 0:12:04]} dxe3 {[%clk 0:13:13]} 30. Nd6
{[%clk 0:11:57]} Nd4 {[%clk 0:13:24]} 31. Nxe8 {[%clk 0:08:20]} Rxe8
{[%clk 0:09:49]} 32. g3 {[%clk 0:06:08]} Rc8 {[%clk 0:08:38]} 33. Kg2
{[%clk 0:06:09]} Nxe2 {[%clk 0:08:45]} 34. Qxe2 {[%clk 0:06:30]} Qc5
{[%clk 0:08:45]} 35. Kf1 {[%clk 0:04:42]} a5 {[%clk 0:05:03]} 36. Rd3
{[%clk 0:04:48]} Bd4 {[%clk 0:02:30]} 37. Qd1 {[%clk 0:04:09]} Bf6
{[%clk 0:02:50]} 38. Ke2 {[%clk 0:03:31]} Re8 {[%clk 0:00:43]} 39. Rd5
{[%clk 0:02:56]} Qc7 {[%clk 0:00:40]} 40. Rd7 {[%clk 0:02:23]} Qc5
{[%clk 0:00:32]} 41. Rd5 {[%clk 0:02:33]} Qc8 {[%clk 0:26:21]} 42. Rd7
{[%clk 0:28:03]} Kg7 {[%clk 0:25:51]} 43. Qd3 {[%clk 0:27:44]} h5
{[%clk 0:25:15]} 44. h4 {[%clk 0:26:25]} Re6 {[%clk 0:24:52]} 45. Qd1
{[%clk 0:22:19]} Rc6 {[%clk 0:22:20]} 46. Kxe3 {[%clk 0:22:20]} Rxc2
{[%clk 0:22:42]} 47. Qd5 {[%clk 0:17:02]} Qe8+ {[%clk 0:22:59]} 48. Qe4
{[%clk 0:17:18]} Qxd7 {[%clk 0:23:01]} 49. Qxc2 {[%clk 0:17:40]} Qd4+
{[%clk 0:22:16]} 50. Ke2 {[%clk 0:17:51]} Qe5+ {[%clk 0:22:28]} 51. Kf2
{[%clk 0:18:00]} Bxh4 {[%clk 0:22:37]} 0-1

[Event "WCO2014"]
[Site "Tromso"]
[Date "2014.08.09"]
[Round "7.1"]
[WhiteID "7800010"]
[White "Lodhi Mahmood"]
[BlackID "2300087"]
[Black "Stefansson Hannes"]
[Result "0-1"]
[LiveChessVersion "1.4.3"]
[BlackElo "2536"]
[WhiteElo "2335"]

1. d4 {[%clk 1:30:58]} Nf6 {[%clk 1:30:37]} 2. Nf3 {[%clk 1:31:21]} b6
{[%clk 1:30:38]} 3. g3 {[%clk 1:31:11]} Bb7 {[%clk 1:30:40]} 4. Bg2
{[%clk 1:31:38]} g6 {[%clk 1:30:21]} 5. O-O {[%clk 1:32:01]} Bg7 {[%clk 1:30:23]}
6. c4 {[%clk 1:32:24]} O-O {[%clk 1:30:22]} 7. Nc3 {[%clk 1:30:29]} Ne4
{[%clk 1:29:38]} 8. Qc2 {[%clk 1:29:14]} Nxc3 {[%clk 1:28:46]} 9. bxc3
{[%clk 1:29:28]} d6 {[%clk 1:24:00]} 10. e4 {[%clk 1:26:01]} e5 {[%clk 1:20:15]}
11. a4 {[%clk 1:07:09]} Nc6 {[%clk 1:16:15]} 12. Rd1 {[%clk 0:59:18]} Re8
{[%clk 1:11:48]} 13. Rb1 {[%clk 0:50:05]} Na5 {[%clk 1:08:27]} 14. dxe5
{[%clk 0:22:19]} Nxc4 {[%clk 1:07:54]} 15. Nd4 {[%clk 0:09:20]} Nxe5
{[%clk 1:04:36]} 16. a5 {[%clk 0:09:42]} Nc4 {[%clk 1:02:00]} 17. a6
{[%clk 0:03:38]} Bxa6 {[%clk 1:02:01]} 18. e5 {[%clk 0:03:34]} Nxe5
{[%clk 1:01:36]} 19. Nc6 {[%clk 0:03:28]} Qc8 {[%clk 0:57:53]} 20. Nxe5
{[%clk 0:03:03]} Rxe5 {[%clk 0:57:54]} 21. Bxa8 {[%clk 0:02:35]} Qxa8
{[%clk 0:57:58]} 22. Be3 {[%clk 0:00:36]} Qf3 {[%clk 0:56:39]} 23. Re1
{[%clk 0:00:37]} Bb7 {[%clk 0:56:02]} 24. Kf1 {[%clk 0:01:00]} Qg2+
{[%clk 0:54:22]} 25. Ke2 {[%clk 0:01:28]} Rxe3+ {[%clk 0:54:16]} 26. Kxe3
{[%clk 0:01:32]} Qf3+ {[%clk 0:53:56]} 27. Kd2 {[%clk 0:01:44]} Bh6+
{[%clk 0:54:17]} 0-1

[Event "WCO2014"]
[Site "Tromso"]
[Date "2014.08.09"]
[Round "7.32"]
[WhiteID "916811"]
[White "Solak Dragan"]
[BlackID "3700488"]
[Black "Bachmann Axel"]
[Result "1/2-1/2"]
[LiveChessVersion "1.4.3"]
[BlackElo "2644"]
[WhiteElo "2632"]

1. e4 {[%clk 1:30:58]} c5 {[%clk 1:30:49]} 2. Nf3 {[%clk 1:31:23]} Nc6
{[%clk 1:31:13]} 3. d4 {[%clk 1:31:08]} cxd4 {[%clk 1:31:37]} 4. Nxd4
{[%clk 1:31:34]} Qb6 {[%clk 1:31:53]} 5. Nb3 {[%clk 1:31:11]} Nf6
{[%clk 1:32:08]} 6. Nc3 {[%clk 1:31:30]} e6 {[%clk 1:32:33]} 7. Bd3
{[%clk 1:30:10]} Be7 {[%clk 1:25:56]} 8. Be3 {[%clk 1:29:54]} Qc7
{[%clk 1:26:20]} 9. f4 {[%clk 1:29:32]} d6 {[%clk 1:26:37]} 10. Qf3
{[%clk 1:28:43]} a6 {[%clk 1:26:38]} 11. O-O-O {[%clk 1:15:58]} Nb4
{[%clk 1:14:56]} 12. Kb1 {[%clk 1:11:26]} b5 {[%clk 1:08:39]} 13. g4
{[%clk 1:10:37]} Bb7 {[%clk 1:08:48]} 14. g5 {[%clk 1:10:54]} Nd7
{[%clk 1:09:07]} 15. Qh3 {[%clk 1:09:59]} Nxd3 {[%clk 0:45:08]} 16. cxd3
{[%clk 1:08:53]} b4 {[%clk 0:45:19]} 17. Ne2 {[%clk 1:08:03]} e5 {[%clk 0:45:45]}
18. Rhf1 {[%clk 0:48:44]} a5 {[%clk 0:43:17]} 19. Rc1 {[%clk 0:27:07]} Qd8
{[%clk 0:43:11]} 20. Nd2 {[%clk 0:27:00]} exf4 {[%clk 0:29:24]} 21. Nxf4
{[%clk 0:24:56]} O-O {[%clk 0:28:01]} 22. g6 {[%clk 0:16:48]} hxg6
{[%clk 0:28:25]} 23. Nxg6 {[%clk 0:16:39]} fxg6 {[%clk 0:28:49]} 24. Qe6+
{[%clk 0:17:01]} Kh7 {[%clk 0:29:14]} 25. Qh3+ {[%clk 0:16:48]} Kg8
{[%clk 0:25:56]} 26. Qe6+ {[%clk 0:16:19]} Kh7 {[%clk 0:26:11]} 27. Qh3+
{[%clk 0:16:42]} Kg8 {[%clk 0:26:37]} 28. Qe6+ {[%clk 0:17:07]} Kh7
{[%clk 0:26:33]} 1/2-1/2

[Event "WCO2014"]
[Site "Tromso"]
[Date "2014.08.09"]
[Round "7.30"]
[WhiteID "6302181"]
[White "Can Emre"]
[BlackID "3702308"]
[Black "Vazquez Guillermo"]
[Result "1-0"]
[LiveChessVersion "1.4.3"]
[BlackElo "2323"]
[WhiteElo "2529"]

1. d4 {[%clk 1:30:49]} Nf6 {[%clk 1:30:14]} 2. Nf3 {[%clk 1:30:46]} e6
{[%clk 1:30:04]} 3. c4 {[%clk 1:30:47]} Bb4+ {[%clk 1:29:29]} 4. Nbd2
{[%clk 1:30:56]} b6 {[%clk 1:29:29]} 5. g3 {[%clk 1:30:18]} Ba6 {[%clk 1:29:00]}
6. Qc2 {[%clk 1:29:18]} Bb7 {[%clk 1:27:10]} 7. Bg2 {[%clk 1:28:07]} Be4
{[%clk 1:26:30]} 8. Qb3 {[%clk 1:24:23]} Bxd2+ {[%clk 1:26:16]} 9. Bxd2
{[%clk 1:24:42]} O-O {[%clk 1:26:16]} 10. O-O {[%clk 1:23:19]} d6
{[%clk 1:25:14]} 11. Qe3 {[%clk 1:19:58]} a5 {[%clk 1:05:26]} 12. Bc3
{[%clk 1:16:47]} Nbd7 {[%clk 1:04:06]} 13. Bh3 {[%clk 1:12:13]} Re8
{[%clk 0:55:43]} 14. Nd2 {[%clk 1:02:05]} Bb7 {[%clk 0:55:44]} 15. Qd3
{[%clk 0:59:49]} d5 {[%clk 0:49:50]} 16. b3 {[%clk 0:51:47]} c5 {[%clk 0:42:39]}
17. Bg2 {[%clk 0:45:03]} Ra7 {[%clk 0:35:26]} 18. cxd5 {[%clk 0:39:04]} exd5
{[%clk 0:34:45]} 19. Rfe1 {[%clk 0:39:19]} Ba6 {[%clk 0:32:41]} 20. Qf3
{[%clk 0:38:57]} Ne4 {[%clk 0:26:41]} 21. Nxe4 {[%clk 0:37:48]} dxe4
{[%clk 0:27:02]} 22. Qf4 {[%clk 0:30:08]} Qc7 {[%clk 0:26:38]} 23. Qxc7
{[%clk 0:25:40]} Rxc7 {[%clk 0:27:04]} 24. dxc5 {[%clk 0:21:09]} Rxc5
{[%clk 0:26:13]} 25. Bd4 {[%clk 0:19:43]} Rc2 {[%clk 0:26:04]} 26. Rec1
{[%clk 0:20:05]} Rec8 {[%clk 0:21:27]} 27. Rxc2 {[%clk 0:19:31]} Rxc2
{[%clk 0:21:54]} 28. Bxe4 {[%clk 0:19:13]} Rxe2 {[%clk 0:22:18]} 29. Bf3
{[%clk 0:18:47]} Rd2 {[%clk 0:21:59]} 30. Be3 {[%clk 0:18:30]} Rd6
{[%clk 0:22:21]} 31. Bf4 {[%clk 0:15:06]} Rd4 {[%clk 0:22:37]} 32. Rc1
{[%clk 0:14:56]} Kf8 {[%clk 0:19:27]} 33. Rc7 {[%clk 0:11:17]} a4
{[%clk 0:18:40]} 34. bxa4 {[%clk 0:09:23]} Bd3 {[%clk 0:17:34]} 35. Be3
{[%clk 0:06:46]} Rd6 {[%clk 0:17:50]} 36. a5 {[%clk 0:05:06]} bxa5
{[%clk 0:18:04]} 37. Bc1 {[%clk 0:05:30]} 1-0